Longitud y triple

Saved in:
Bibliografiske detaljer
Institution som forfatter: Real Federación Española de Atletismo (Author)
Format: Bog
Sprog:spansk
Udgivet: Madrid Centro de Documentación de la Escuela Nacional de Entrenadores 1981
Serier:Cuadernos de atletismo, 5
Fag:
Tags: Tilføj Tag
Ingen Tags, Vær først til at tagge denne postø!

MARC

LEADER 00000nam a2200000 a 4500
001 UCZ0003
003 CL-VaPUC
008 950724e19810000SP |||||||||||||||||spa|d
082 0 4 |a 796.43  |b REA  |2 21 
110 2 |a Real Federación Española de Atletismo  |e author  |9 342569 
245 1 0 |a Longitud y triple 
300 |a 107 p 
942 |c BK 
945 |d 19950724 00:00:00  |a cmena 
260 |a Madrid  |b Centro de Documentación de la Escuela Nacional de Entrenadores  |c 1981 
650 7 |a DEPORTE  |2 CL-VaPUC  |9 342570 
650 0 |a Atletismo  |9 307422 
650 7 |a EJERCICIO  |2 CL-VaPUC  |9 310040 
650 7 |a ENTRENAMIENTO ATLETICO  |2 CL-VaPUC  |9 342571 
583 |a last modification  |c 19950724 00:00:00  |k Rodrigo Vera 
490 0 |a Cuadernos de atletismo, 5 
999 |c 236983  |d 236981 
952 |0 0  |1 0  |4 0  |6 796_430000000000000_REA_1981  |7 0  |8 P  |9 245587  |a BIBEDU  |b BIBEDU  |c BIBEDU_PB  |d 2019-11-18  |i 154036K  |o 796.43 REA 1981  |p 154036K  |r 2024-01-25  |w 2019-11-18  |y BK  |k EDU 
952 |0 0  |1 0  |4 0  |6 796_430000000000000_REA_1981  |7 0  |8 P  |9 245588  |a BIBEDU  |b BIBEDU  |c BIBEDU_PB  |d 2019-11-18  |i 1540378  |o 796.43 REA 1981  |p 1540378  |r 2024-01-25  |w 2019-11-18  |y BK  |k EDU